00789cam a22002177a 4500003000500000005001700005008004100022010000900063011000900072035000900081040000900090100003800099245016700137260004200304300001000346502007500356650001800431650002200449650003100471710006900502CHAP20220329133147.0971013s1991 r 00010 d a2859 a3831 a3032 cCHAP00aOmaña Silvestre, José Miguel. 0aDeterminación del mercado para hortalizas producidas bajo condiciones de hidroponia rústica en el municipio de Salinas de Hidalgo, S.L.P. el caso del jitomate aMontecillo, Méx. :bEl autor,c1991 a142 h aTesis (M.C. Esp. en Economía Agrícola) -- CP. Centro de Economía14aHidroponía.14aTomatexMercadeo.14aTomatexSan Luis Potosí.0 aColegio de Postgraduados. Chapingo, Méx. Centro de Economía.